| 000 | 01041cam a2200289 a 4500 | ||
|---|---|---|---|
| 001 | 12073562 | ||
| 003 | OSt | ||
| 005 | 20180116192409.0 | ||
| 008 | 000623s2001 txuab | b 001 0 eng | ||
| 010 | _a 00105961 | ||
| 020 | _a0155080644 | ||
| 040 |
_aDLC _cDLC _dDLC |
||
| 050 | 0 | 0 |
_aBF353 _b.E545 2001 |
| 082 | 0 | 0 |
_a155.9 _221 |
| 245 | 0 | 0 |
_aEnvironmental psychology / _cPaul A. Bell ... [et al.]. |
| 250 | _a5th ed. | ||
| 260 |
_aFort Worth, TX : _bHarcourt College Publishers, _cc2001. |
||
| 300 |
_axvii, 634 p. : _bill., maps ; _c24 cm. |
||
| 504 | _aIncludes bibliographical references (p. [515]-595) and indexes. | ||
| 650 | 0 |
_aEnvironmental psychology. _91388 |
|
| 650 | 0 |
_aHuman beings--Effect of environment on _91389 |
|
| 700 | 1 |
_aBell, Paul A. _91390 |
|
| 906 |
_a7 _bcbc _corignew _d3 _eepcn _f20 _gy-gencatlg |
||
| 942 |
_2ddc _cBK |
||
| 999 |
_c353486 _d353486 |
||